2016 MLB WAR - Top 25 - Statistics

General Stats
  • This quiz has been taken 44 times
  • The average score is 11 of 25
Answer Stats
WAR Answer % Correct
10.55 Mike Trout
95%
7.67 Kris Bryant
84%
5.56 Clayton Kershaw
78%
5.74 Anthony Rizzo
73%
9.55 Mookie Betts
65%
7.65 Jose Altuve
59%
7.44 Josh Donaldson
59%
6.21 Max Scherzer
59%
6.5 Nolan Arenado
51%
6.12 Corey Seager
49%
6.66 Manny Machado
49%
5.72 Francisco Lindor
46%
6.61 Justin Verlander
46%
6.87 Kyle Seager
46%
7.31 Robinson Cano
43%
6.45 Adrian Beltre
35%
5.95 Carlos Correa
32%
6.45 Corey Kluber
32%
6.46 Freddie Freeman
32%
5.63 Dustin Pedroia
22%
6.53 Brian Dozier
16%
6.13 Ian Kinsler
16%
6.23 Adam Eaton
8%
5.56 Johnny Cueto
8%
5.65 Jean Segura
5%
No matching quizzes found
Score Distribution
Percent of People with Each Score
Percentile by Number Answered
Your Score History
You have not taken this quiz